| Поле | Инд. | ПП | Название | Значение |
|---|---|---|---|---|
| Тип записи | a | |||
| Библиографический уровень | m | |||
| 001 | Контрольный номер | 0c7fc16f1c364ffabc2108ef0eabe870 | ||
| 005 | Дата корректировки | 20230901085336.8 | ||
| 040 | b | Код языка каталог. | rus | |
| 041 | 0_ | a | Код языка текста | rus |
| 080 | a | Индекс УДК | 004.42 | |
| 084 | a | Индекс другой классификации/Индекс ББК | 32.973 | |
| 090 | a | Полочн. индекс | 681.3 | |
| x | Авторский знак | Л19 | ||
| 097 | b | Оператор | 02 | |
| 100 | 1_ | a | Автор | Лактюшкин К. Г. |
| 245 | 10 | a | Заглавие | Программирование для машин типа "Искра-23" |
| 260 | a | Место издания | М. | |
| b | Издательство | Статистика | ||
| c | Дата издания | 1976 | ||
| 300 | a | Объем | 176 с. | |
| 510 | 0_ | a | Примечание о ссылках | Книги и методические пособия |
| 650 | 04 | a | Основная рубрика | 50.05 Теоретические основы программирования |
| x | Основная подрубрика | 50.05.03 Общетеоретические вопросы программирования | ||
| 653 | 0_ | a | Ключевые слова | программирование; вычислительная техника |
| 700 | 12 | a | Другие авторы | Кузнецов М. В. |
| 901 | t | Тип документа | m |